Juventus Biggest Transfers - Statistics

General Stats
  • This quiz has been taken 125 times
  • The average score is 121 of 300
Answer Stats
% Correct
Incomings Portugal ST Cristiano Ronaldo 18/19 Real Madrid
100%
Outgoings Portugal ST Cristiano Ronaldo 21/22 Manchester United
100%
Incomings Serbia ST Dusan Vlahovic 21/22 Fiorentina
97%
Incomings Italy GK Gianluigi Buffon 01/02 Parma
96%
Outgoings Germany DM Emre Can 20/21 Borussia Dortmund
94%
Incomings Argentina ST Gonzalo Higuain 16/17 Napoli
94%
Outgoings Argentina ST Gonzalo Higuain 18/19 Milan
94%
Outgoings Argentina ST Gonzalo Higuain 18/19 Chelsea
94%
Incomings Netherlands CB Matthijs de Ligt 19/20 Ajax
94%
Outgoings Netherlands CB Matthijs de Ligt 22/23 Bayern Munich
94%
Incomings Czech Republic LM Pavel Nedved 01/02 Lazio
94%
Incomings Argentina SS Paulo Dybala 15/16 Palermo
93%
Incomings Brazil CM Arthur Melo 20/21 Barcelona
92%
Outgoings Brazil CM Arthur Melo 22/23 Liverpool
92%
Incomings Italy LW Federico Chiesa 22/23 Fiorentina
92%
Incomings Italy LW Federico Chiesa 20/21 Fiorentina
92%
Incomings Brazil CB Gleison Bremer 22/23 Torino
92%
Incomings Brazil RW Douglas Costa 18/19 Bayern Munich
91%
Incomings Brazil RW Douglas Costa 17/18 Bayern Munich
91%
Incomings Portugal RB Joao Cancelo 18/19 Valencia
90%
Outgoings Portugal RB Joao Cancelo 19/20 Manchester City
90%
Incomings Italy CB Leonardo Bonucci 18/19 Milan
89%
Incomings Italy CB Leonardo Bonucci 10/11 Bari
89%
Outgoings Italy CB Leonardo Bonucci 17/18 Milan
89%
Incomings Bosnia CM Miralem Pjanic 16/17 Roma
87%
Outgoings Bosnia CM Miralem Pjanic 20/21 Barcelona
87%
Incomings Spain ST Alvaro Morata 20/21 Atletico Madrid
85%
Incomings Spain ST Alvaro Morata 14/15 Real Madrid
85%
Outgoings Spain ST Alvaro Morata 16/17 Real Madrid
85%
Incomings Sweden RW Dejan Kulusevski 19/20 Atalanta
84%
Outgoings Sweden RW Dejan Kulusevski 23/24 Tottenham Hotspur
84%
Outgoings Sweden RW Dejan Kulusevski 21/22 Tottenham Hotspur
84%
Incomings Brazil CB Danilo 19/20 Manchester City
83%
Outgoings France AM Zinedine Zidane 01/02 Real Madrid
82%
Incomings Chile CM Arturo Vidal 11/12 Bayer Leverkusen
81%
Outgoings Chile CM Arturo Vidal 15/16 Bayern Munich
81%
Outgoings France CM Paul Pogba 16/17 Manchester United
81%
Incomings Sweden ST Zlatan Ibrahimovic 04/05 Ajax
80%
Outgoings Sweden ST Zlatan Ibrahimovic 06/07 Inter Milan
80%
Incomings Colombia RM Juan Cuadrado 17/18 Chelsea
79%
Incomings Colombia RM Juan Cuadrado 16/17 Chelsea
79%
Incomings Brazil LB Alex Sandro 15/16 Porto
78%
Incomings Italy ST Moise Kean 23/24 Everton
77%
Incomings Italy ST Moise Kean 21/22 Everton
77%
Outgoings Italy ST Moise Kean 19/20 Everton
77%
Incomings Italy DM Manuel Locatelli 23/24 Sassuolo
75%
Incomings United States CM Weston McKennie 21/22 Schalke
75%
Incomings United States CM Weston McKennie 20/21 Schalke
75%
Incomings France CB Lilian Thuram 01/02 Parma
74%
Outgoings France CB Lilian Thuram 06/07 Barcelona
74%
Incomings Croatia ST Mario Mandzukic 15/16 Atletico Madrid
74%
Incomings Uruguay CM Rodrigo Bentancur 17/18 Boca Juniors
74%
Outgoings Uruguay CM Rodrigo Bentancur 21/22 Tottenham Hotspur
74%
Incomings Italy RW Federico Bernardeschi 17/18 Fiorentina
73%
Incomings Morocco CB Medhi Benatia 17/18 Bayern Munich
73%
Outgoings Morocco CB Medhi Benatia 18/19 Al-Duhail
73%
Incomings France CM Blaise Matuidi 17/18 Paris Saint-Germain
72%
Incomings Turkey CB Merih Demiral 19/20 Sassuolo
71%
Outgoings Turkey CB Merih Demiral 22/23 Atalanta
71%
Outgoings France LW Kingsley Coman 17/18 Bayern Munich
69%
Outgoings France LW Kingsley Coman 15/16 Bayern Munich
69%
Incomings France ST Thierry Henry 98/99 Monaco
69%
Outgoings France ST Thierry Henry 99/00 Arsenal
69%
Incomings Switzerland DM Denis Zakaria 21/22 Borussia Monchengladbach
68%
Outgoings Switzerland DM Denis Zakaria 23/24 Monaco
68%
Outgoings Switzerland DM Denis Zakaria 22/23 Chelsea
68%
Incomings Serbia LM Filip Kostic 22/23 Eintracht Frankfurt
68%
Incomings France ST David Trezeguet 00/01 Monaco
67%
Incomings Argentina CB Cristian Romero 19/20 Genoa
66%
Outgoings Argentina CB Cristian Romero 21/22 Atalanta
66%
Outgoings Argentina CB Cristian Romero 20/21 Atalanta
66%
Incomings Italy ST Filippo Inzaghi 97/98 Atalanta
66%
Outgoings Italy ST Filippo Inzaghi 01/02 Milan
66%
Incomings Ghana LM Kwadwo Asamoah 12/13 Udinese
66%
Outgoings Italy LB Leonardo Spinazzola 19/20 Roma
66%
Incomings Gabon DM Mario Lemina 16/17 Marseille
63%
Outgoings Gabon DM Mario Lemina 17/18 Southampton
63%
Incomings Croatia LW Marko Pjaca 16/17 Dinamo Zagreb
63%
Incomings Poland GK Wojciech Szczesny 17/18 Arsenal
62%
Incomings Italy GK Mattia Perin 18/19 Genoa
61%
Incomings France DM Patrick Vieira 05/06 Arsenal
60%
Outgoings France DM Patrick Vieira 06/07 Inter Milan
60%
Incomings United States RM Timothy Weah 23/24 Lille
60%
Incomings Argentina CM Roberto Pereyra 15/16 Udinese
59%
Outgoings Argentina CM Roberto Pereyra 16/17 Watford
59%
Incomings Argentina SS Carlos Tevez 13/14 Manchester City
58%
Outgoings Argentina SS Carlos Tevez 15/16 Boca Juniors
58%
Incomings Italy CB Fabio Cannavaro 04/05 Inter Milan
57%
Outgoings Italy CB Fabio Cannavaro 06/07 Real Madrid
57%
Incomings Italy CB Giorgio Chiellini 05/06 Fiorentina
57%
Incomings Poland ST Arkadiusz Milik 23/24 Marseille
56%
Incomings Netherlands GK Edwin van der Sar 99/00 Ajax
56%
Outgoings Netherlands GK Edwin van der Sar 01/02 Fulham
56%
Incomings Switzerland RB Stephan Lichtsteiner 11/12 Lazio
56%
Incomings Italy RB Gianluca Zambrotta 99/00 Bari
54%
Outgoings Italy RB Gianluca Zambrotta 06/07 Barcelona
54%
Incomings Montenegro ST Mirko Vucinic 11/12 Roma
54%
Outgoings Montenegro ST Mirko Vucinic 14/15 Al-Jazira
54%
Incomings Italy CB Angelo Ogbonna 13/14 Torino
53%
Outgoings Italy CB Angelo Ogbonna 15/16 West Ham United
53%
Incomings Italy ST Christian Vieri 96/97 Atalanta
51%
Outgoings Italy ST Christian Vieri 97/98 Atletico Madrid
51%
Incomings Italy ST Fabio Quagliarella 11/12 Napoli
51%
Incomings Italy ST Fabio Quagliarella 10/11 Napoli
51%
Outgoings Italy ST Fabio Quagliarella 14/15 Torino
51%
Incomings Italy RB Mattia De Sciglio 17/18 Milan
51%
Incomings Italy CB Daniele Rugani 14/15 Empoli
49%
Incomings Brazil AM Diego 09/10 Werder Bremen
49%
Outgoings Brazil AM Diego 10/11 Wolfsburg
49%
Incomings Italy DM Dino Baggio 91/92 Torino
49%
Outgoings Italy DM Dino Baggio 94/95 Parma
49%
Incomings Brazil CB Felipe Melo 09/10 Fiorentina
49%
Outgoings Brazil CB Felipe Melo 13/14 Galatasaray
49%
Incomings Italy SS Roberto Baggio 90/91 Fiorentina
49%
Outgoings Italy SS Roberto Baggio 95/96 Milan
49%
Incomings Chile RB Mauricio Isla 12/13 Udinese
48%
Outgoings Chile RB Mauricio Isla 16/17 Cagliari
48%
Incomings Italy ST Simone Zaza 15/16 Sassuolo
48%
Outgoings Italy ST Simone Zaza 17/18 Valencia
48%
Outgoings Italy ST Simone Zaza 13/14 Sassuolo
48%
Outgoings Italy ST Simone Zaza 16/17 West Ham United
48%
Incomings Italy CB Mattia Caldara 16/17 Atalanta
47%
Outgoings Italy CB Mattia Caldara 18/19 Milan
47%
Incomings Italy ST Alessandro Matri 11/12 Cagliari
45%
Outgoings Italy ST Alessandro Matri 13/14 Milan
45%
Incomings Italy CM Stefano Sturaro 14/15 Genoa
45%
Outgoings Italy CM Stefano Sturaro 19/20 Genoa
45%
Incomings Netherlands CM Edgar Davids 97/98 Milan
44%
Incomings Brazil DM Emerson 04/05 Roma
44%
Outgoings Brazil DM Emerson 06/07 Real Madrid
44%
Incomings Italy CB Federico Gatti 21/22 Frosinone
43%
Incomings Italy ST Gianluca Vialli 92/93 Sampdoria
42%
Incomings Brazil AM Hernanes 15/16 Inter Milan
42%
Outgoings Brazil AM Hernanes 16/17 Hebei China Fortune
42%
Incomings Uruguay CB Martin Caceres 12/13 Sevilla
41%
Outgoings Brazil GK Norberto Neto 17/18 Valencia
40%
Incomings Wales ST Ian Rush 86/87 Liverpool
39%
Outgoings Wales ST Ian Rush 88/89 Liverpool
39%
Incomings Italy SS Sebastian Giovinco 12/13 Parma
39%
Outgoings Italy SS Sebastian Giovinco 11/12 Parma
39%
Incomings Netherlands LW Eljero Elia 11/12 Hamburg
38%
Outgoings Netherlands LW Eljero Elia 12/13 Werder Bremen
38%
Incomings Venezuela DM Tomas Rincon 16/17 Genoa
38%
Outgoings Venezuela DM Tomas Rincon 18/19 Torino
38%
Outgoings Venezuela DM Tomas Rincon 17/18 Torino
38%
Incomings Italy LB Andrea Cambiaso 22/23 Genoa
36%
Incomings Denmark DM Christian Poulsen 08/09 Sevilla
36%
Outgoings Denmark DM Christian Poulsen 10/11 Liverpool
36%
Outgoings Italy ST Ciro Immobile 13/14 Torino
36%
Outgoings Italy ST Ciro Immobile 12/13 Genoa
36%
Incomings Serbia RW Milos Krasic 10/11 CSKA Moscow
36%
Outgoings Serbia RW Milos Krasic 12/13 Fenerbahce
36%
Incomings France DM Didier Deschamps 94/95 Marseille
35%
Incomings Brazil ST Kaio Jorge 21/22 Santos
35%
Incomings Mali DM Mohamed Sissoko 07/08 Liverpool
35%
Outgoings Mali DM Mohamed Sissoko 11/12 Paris Saint-Germain
35%
Incomings Italy ST Vincenzo Iaquinta 07/08 Udinese
35%
Incomings Italy ST Amauri 08/09 Palermo
33%
Incomings Italy RW Domencio Berardi 13/14 Sassuolo
33%
Outgoings Italy RW Domenico Berardi 15/16 Sassuolo
33%
Incomings Italy LB Luca Pellegrini 19/20 Roma
33%
Outgoings Denmark AM Michael Laudrup 89/90 Barcelona
33%
Outgoings Romania CB Radu Dragusin 23/24 Genoa
33%
Incomings Chile ST Marcelo Salas 01/02 Lazio
32%
Outgoings Romania ST Adrian Mutu 06/07 Fiorentina
31%
Outgoings Italy GK Angelo Peruzzi 99/00 Inter Milan
31%
Incomings Italy RW Riccardo Orsolini 16/17 Ascoli
30%
Outgoings Italy RW Riccardo Orsolini 19/20 Bologna
30%
Outgoings Italy GK Emil Audero 19/20 Sampdoria
29%
Incomings Germany CB Jurgen Kohler 91/92 Bayern Munich
29%
Outgoings Germany CB Jurgen Kohler 95/96 Borussia Dortmund
29%
Outgoings Italy ST Paolo Rossi 85/86 Milan
29%
Outgoings Italy ST Paolo Rossi 78/79 Vicenza
29%
Incomings Portugal CM Tiago Mendes 07/08 Lyon
29%
Incomings Italy DM Nicolo Rovella 20/21 Genoa
28%
Incomings Italy RW Simone Pepe 11/12 Udinese
28%
Incomings Italy CB Ciro Ferrara 94/95 Napoli
27%
Outgoings Italy ST Fabrizio Ravanelli 96/97 Middlesbrough
27%
Incomings Italy RM Mauro Camoranesi 02/03 Hellas Verona
27%
Incomings Italy LM Emanuele Giaccherini 11/12 Cesena
26%
Outgoings Italy LM Emanuele Giaccherini 13/14 Sunderland
26%
Incomings Italy DM Rolando Mandragora 20/21 Udinese
26%
Incomings Italy DM Rolando Mandragora 15/16 Genoa
26%
Outgoings Italy DM Rolando Mandragora 18/19 Udinese
26%
Outgoings Italy DM Rolando Mandragora 22/23 Fiorentina
26%
Incomings Italy ST Marco Di Vaio 03/04 Parma
24%
Incomings Italy ST Marco Di Vaio 02/03 Parma
24%
Outgoings Italy ST Marco Di Vaio 04/05 Valencia
24%
Incomings Italy ST Fabrizio Miccoli 02/03 Ternana
23%
Outgoings Italy ST Fabrizio Miccoli 04/05 Fiorentina
23%
Outgoings Italy ST Fabrizio Miccoli 07/08 Palermo
23%
Incomings Italy GK Marco Storari 10/11 Milan
22%
Incomings Portugal CM Paulo Sousa 94/95 Sporting CP
22%
Outgoings Portugal CM Paulo Sousa 96/97 Borussia Dortmund
22%
Outgoings Sweden CB Olof Mellberg 09/10 Olympiacos
20%
Incomings Uruguay RW Jorge Martinez 10/11 Catania
19%
Incomings Italy RB Marco Motta 11/12 Udinese
19%
Incomings Ghana DM Stephen Appiah 03/04 Brescia
19%
Outgoings Ghana DM Stephen Appiah 05/06 Fenerbahce
19%
Incomings Serbia LM Vladimir Jugovic 95/96 Sampdoria
19%
Outgoings Serbia LM Vladimir Jugovic 97/98 Lazio
19%
Incomings Italy RM Angelo Di Livio 93/94 Padova
18%
Incomings Serbia ST Darko Kovacevic 99/00 Real Sociedad
18%
Outgoings Serbia ST Darko Kovacevic 01/02 Lazio
18%
Incomings England AM David Platt 92/93 Bari
18%
Outgoings England AM David Platt 93/94 Sampdoria
18%
Outgoings Italy LB Paolo De Ceglie 07/08 Siena
18%
Outgoings Germany AM Andreas Moller 94/95 Borussia Dortmund
17%
Incomings Italy CB Nicola Legrottaglie 03/04 Chievo Verona
17%
Incomings Italy CM Simone Padoin 11/12 Atalanta
17%
Incomings France CB Jean-Alain Boumsong 06/07 Newcastle United
16%
Outgoings France CB Jean-Alain Boumsong 07/08 Lyon
16%
Incomings Croatia ST Alen Boksic 96/97 Lazio
15%
Incomings Italy LB Domenico Criscito 07/08 Genoa
15%
Outgoings Italy LB Domenico Criscito 08/09 Genoa
15%
Outgoings Spain RB Pol Lirola 17/18 Sassuolo
15%
Outgoings Germany RM Stefan Reuter 92/93 Borussia Dortmund
15%
Incomings Nigeria DM Sunday Oliseh 99/00 Ajax
15%
Outgoings Nigeria DM Sunday Oliseh 00/01 Borussia Dortmund
15%
Incomings Italy ST Andrea Favilli 18/19 Ascoli
14%
Outgoings Italy ST Andrea Favilli 19/20 Genoa
14%
Outgoings Italy ST Andrea Favilli 18/19 Genoa
14%
Incomings Italy LB Federico Peluso 13/14 Atalanta
14%
Outgoings Italy LB Federico Peluso 14/15 Sassuolo
14%
Outgoings Sweden DM Albin Ekdal 11/12 Cagliari
13%
Outgoings Sweden DM Albin Ekdal 10/11 Bologna
13%
Incomings Argentina CM Sergio Almiron 07/08 Empoli
13%
Outgoings Argentina CM Sergio Almiron 10/11 Bari
13%
Incomings Uruguay GK Fabian Carini 00/01 Danubio
12%
Incomings Uruguay GK Fabian Carini 04/05 Standard Liege
12%
Outgoings Uruguay GK Fabian Carini 04/05 Inter Milan
12%
Outgoings Uruguay GK Fabian Carini 02/03 Standard Liege
12%
Outgoings Italy RB Moreno Torricelli 98/99 Fiorentina
12%
Incomings Italy ST Nicola Amoruso 01/02 Napoli
12%
Outgoings Italy ST Alberto Cerri 19/20 Cagliari
11%
Outgoings Italy LB Cristian Molinaro 10/11 Stuttgart
11%
Outgoings Denmark CB Frederik Sorensen 11/12 Bologna
11%
Incomings Portugal CB Jorge Andrade 07/08 Deportivo La Coruna
11%
Incomings Italy ST Manolo Gabbiadini 12/13 Atalanta
11%
Outgoings Italy ST Manolo Gabbiadini 13/14 Sampdoria
11%
Incomings Italy CM Manuele Blasi 02/03 Perugia
11%
Outgoings Italy CM Manuele Blasi 07/08 Napoli
11%
Incomings Germany AM Thomas Haßler 90/91 Koln
11%
Outgoings Germany AM Thomas Haßler 91/92 Roma
11%
Outgoings Serbia RB Zoran Mirkovic 00/01 Fenerbahce
11%
Outgoings Greece RW Anastasios Donis 17/18 Stuttgart
10%
Incomings Uruguay ST Daniel Fonseca 97/98 Roma
10%
Outgoings Italy CM Enzo Maresca 02/03 Piacenza
10%
Outgoings Italy CM Enzo Maresca 05/06 Sevilla
10%
Outgoings Albania ST Giacomo Vrioni 22/23 New England Revolution
10%
Incomings Italy RB Cristian Zenoni 01/02 Milan
9%
Incomings Argentina ST Juan Esnaider 98/99 Espanyol
9%
Incomings Italy CB Luca Marrone 14/15 Sassuolo
9%
Outgoings Italy CB Luca Marrone 13/14 Sassuolo
9%
Outgoings Switzerland CB Patrick Muller 00/01 Lyon
9%
Outgoings Brazil LB Rogerio 19/20 Sassuolo
9%
Outgoings Colombia CM Andres Tello 18/19 Benevento
8%
Outgoings Brazil CM Gabriel Pires 16/17 Leganes
8%
Outgoings Italy CM Marco Tardelli 85/86 Inter Milan
8%
Outgoings France AM Olivier Kapo 07/08 Birmingham City
8%
Outgoings Italy LW Raffaele Palladino 08/09 Genoa
8%
Incomings Uruguay CM Ruben Olivera 03/04 Danubio
8%
Outgoings Italy GK Antonio Mirante 08/09 Sampdoria
7%
Incomings Italy RM Fabio Pecchia 97/98 Napoli
7%
Outgoings Italy LB Federico Balzaretti 07/08 Fiorentina
7%
Outgoings Italy CB Filippo Romagna 17/18 Cagliari
7%
Outgoings Iceland CB Hordur Magnusson 16/17 Bristol City
7%
Outgoings Italy RM Marco Marchionni 09/10 Fiorentina
7%
Incomings Italy GK Nicola Leali 12/13 Brescia
7%
Outgoings Italy GK Nicola Leali 18/19 Perugia
7%
Incomings Ghana ST Richmond Boakye 12/13 Genoa
7%
Outgoings Ghana ST Richmond Boakye 14/15 Atalanta
7%
Incomings Portugal AM Rui Barros 88/89 Porto
7%
Outgoings Italy RB Sergio Porrini 97/98 Rangers
7%
Outgoings Italy CM Antonio Nocerino 08/09 Palermo
6%
Incomings France DM Jocelyn Blanchard 98/99 Metz
6%
Incomings Italy CM Matteo Brighi 04/05 Parma
6%
Outgoings Italy CM Matteo Brighi 04/05 Roma
6%
Outgoings Italy CM Matteo Brighi 02/03 Parma
6%
Incomings Ukraine AM Oleksandr Zavarov 88/89 Dynamo Kyiv
6%
Outgoings Italy CB Alberto Masi 13/14 Ternana
5%
Outgoings Italy ST Davide Lanzafame 08/09 Palermo
5%
Outgoings Italy CM Manolo Portanova 20/21 Genoa
5%
Outgoings Italy CM Matteo Paro 07/08 Genoa
5%
Outgoings Italy CM Simone Muratore 20/21 Atalanta
5%
Incomings Italy RW Ferdinando Del Sole 17/18 Pescara
4%
Outgoings Italy CB Lorenzo Ariaudo 10/11 Cagliari
4%
Outgoings Italy RB Federico Mattiello 17/18 Atalanta
3%
Outgoings Italy LM Jonathan Bachini 01/02 Parma
3%
Incomings Italy ST Leonardo Mancuso 17/18 Pescara
3%
Outgoings Italy ST Leonardo Mancuso 19/20 Empoli
3%
Outgoings Italy ST Michele Paolucci 09/10 Siena
3%
Outgoings Italy ST Pierluigi Casiraghi 94/95 Lazio
3%
Outgoings Italy SS Andrea Gasbarroni 03/04 Palermo
2%
Incomings Italy CB Dario Del Fabro 17/18 Cagliari
2%
Outgoings Italy CM Francesco Cassata 17/18 Sassuolo
2%
Outgoings Italy RW Francesco Volpe 07/08 Livorno
2%
Incomings Italy CB Giangiacomo Magnani 18/19 Perugia
2%
Outgoings Italy CB Giangiacomo Magnani 18/19 Sassuolo
2%
Outgoings Italy CB Gianluca Luppi 92/93 Fiorentina
2%
No matching quizzes found
Score Distribution
Percent of People with Each Score
Percentile by Number Answered
Your Score History
You have not taken this quiz